Ecology and management of soilborne plant pathogens
Na minha lista:
| Formato: | Livro |
|---|---|
| Idioma: | Undetermined |
| Publicado em: |
USA
The American Phytopathological Society
1985
|
| Assuntos: | |
| Tags: |
Adicionar Tag
Sem tags, seja o primeiro a adicionar uma tag!
|
| Thư viện lưu trữ: | Trung tâm Học liệu Trường Đại học Cần Thơ |
|---|
| LEADER | 00473nam a2200157Ia 4500 | ||
|---|---|---|---|
| 001 | CTU_29925 | ||
| 008 | 210402s9999 xx 000 0 und d | ||
| 082 | |a 574.2 | ||
| 082 | |b E19 | ||
| 245 | 0 | |a Ecology and management of soilborne plant pathogens | |
| 260 | |a USA | ||
| 260 | |b The American Phytopathological Society | ||
| 260 | |c 1985 | ||
| 650 | |a plants - ecology,plants - pathology | ||
| 904 | |i Liên, 981223 | ||
| 980 | |a Trung tâm Học liệu Trường Đại học Cần Thơ | ||